Eutroficación : rol del nitrógeno en ecosistemas marinos costeros /

Guardado en:
Otros Autores: Gil, Noemi Mónica. (Disertante)
Formato: Manuscrito
Idioma:Spanish
Publicado: 2001.
Materias:
Etiquetas: Agregar Etiqueta
Sin Etiquetas, Sea el primero en etiquetar este registro!
LEADER 01036ntm a22002535a 4500
001 EIQ.libpla002536
008 070628s2001####ag#a#####bm###000#0#spa#d
005 20070703174010.0
245 1 0 |a Eutroficación :  |b rol del nitrógeno en ecosistemas marinos costeros /  |c Mónica Noemí Gil. 
260 |c 2001. 
300 |a ix, 132 p. :  |b il. ;  |c 21 cm. 
502 |a Tesis (doctorado)--Universidad Nacional del Sur. Departamento de Ingeniería Química, 2001. 
500 |a Director de tesis: Dr. José Luis Esteves. 
504 |a Incluye referencias bibliográficas. 
100 1 |a Gil, Noemi Mónica.  |4 dis 
710 2 |a Universidad Nacional del Sur (UNS).  |b Dto. de Ingeniería Química  |4 dgg. 
650 4 |a Medio ambiente  |x Tesis. 
650 4 |a Ecosistemas marinos  |x Nitrógeno. 
650 4 |a Ecosistemas marinos  |x Eutroficación. 
650 4 |a Environment  |x Thesis. 
650 4 |a Marine ecosystems  |x Nitrogen. 
650 4 |a Marine ecosystems  |x Eutrophication. 
040 |a AR-BbSID  |b spa  |c AR-BbSID 
859 |a AR-BbSID  |b BIB. PLAPIQUI  |h 628.168  |i G 37  |p 5537